[Event "O Pohár mìsta Øíèany 2014 - OPEN A"]
[Site "Øíèany"]
[Date "2014.08.26"]
[Round "5.30"]
[White "Hanl, Frantisek"]
[Black "Lacha, Jan"]
[Result "1/2-1/2"]
[WhiteElo "1972"]
[BlackElo "1827"]
[PlyCount "83"]

1. c4 e5 2. Nc3 Nf6 3. g3 Nc6 4. Bg2 Bc5 5. e3 a6 6. Nge2 d6 7. d4 exd4 8. exd4
Ba7 9. O-O Bf5 10. Nd5 Qd7 11. Nxf6+ gxf6 12. Be3 Bh3 13. Bxh3 Qxh3 14. Nf4 Qf5
15. b4 O-O 16. Nd5 Rac8 17. a4 Rfe8 18. b5 Ne7 19. Nxe7+ Rxe7 20. bxa6 bxa6 21.
Qb1 Qe6 22. Qd1 Qf5 23. Rb1 h5 24. Kg2 Qe4+ 25. Kg1 Qf5 26. Rb3 Rce8 27. Qb1
Qg4 28. Qd1 Qf5 29. Qd2 h4 30. d5 Bxe3 31. fxe3 Qg5 32. Rf3 Re4 33. Rc3 h3 34.
Rf4 Qe5 35. Kf2 Rb8 36. Kf3 Re8 37. Qd3 f5 38. g4 fxg4+ 39. Rxg4+ Rxg4 40. Kxg4
Qxh2 41. e4 Qg2+ 42. Qg3 1/2-1/2

[Event "O Pohár mìsta Øíèany 2014 - OPEN A"]
[Site "Øíèany"]
[Date "2014.08.26"]
[Round "5.31"]
[White "Forman, Miroslav"]
[Black "Stork, Rostislav"]
[Result "1-0"]
[WhiteElo "1926"]
[BlackElo "1807"]
[PlyCount "97"]

1. e4 e5 2. d4 exd4 3. c3 dxc3 4. Nxc3 Nc6 5. Bc4 d6 6. Nf3 Be6 7. Bxe6 fxe6 8.
Qb3 Qd7 9. O-O O-O-O 10. Be3 Nf6 11. Rfd1 Ng4 12. Bf4 Qf7 13. Bg3 Be7 14. h3
Nge5 15. Nxe5 Nxe5 16. Nb5 Nc6 17. Rac1 a6 18. Rxc6 axb5 19. Rc2 Kb8 20. Qxb5
e5 21. Qa5 c6 22. Qb6 Rc8 23. a4 Qa2 24. Qb4 c5 25. Qb5 Qe6 26. a5 Rc6 27. Ra1
Kc7 28. Rc3 Rb8 29. Qd3 Ra8 30. f4 exf4 31. Bxf4 g5 32. Bg3 Bf6 33. e5 dxe5 34.
Qxh7+ Kb8 35. b4 cxb4 36. Rxc6 bxc6 37. a6 Qe7 38. Qe4 Qd6 39. Bf2 Be7 40. Qc4
Kc7 41. Rc1 Bf8 42. Qb5 Rb8 43. Qa5+ Kd7 44. a7 Ra8 45. Qa4 Kc7 46. Rd1 Qe6 47.
Qa5+ Kb7 48. Qb6+ Kc8 49. Rd8# 1-0

[Event "O Pohár mìsta Øíèany 2014 - OPEN A"]
[Site "Øíèany"]
[Date "2014.08.26"]
[Round "5.32"]
[White "Zizka, Petr"]
[Black "Kaiser, Rudolf"]
[Result "1/2-1/2"]
[WhiteElo "1624"]
[BlackElo "1925"]
[PlyCount "84"]

1. e4 e5 2. Nf3 Nf6 3. d4 Be7 4. Nc3 exd4 5. Nxd4 d6 6. Bc4 O-O 7. O-O Nbd7 8.
f4 Nb6 9. Be2 Ne8 10. Bf3 c6 11. g4 d5 12. e5 c5 13. Nf5 Bxf5 14. gxf5 Nc7 15.
Bh5 Qd7 16. Qg4 Kh8 17. Bxf7 Rxf7 18. e6 Nxe6 19. fxe6 Qc8 20. Rf3 g6 21. Rg3
Rf5 22. Bd2 Qxe6 23. Re1 Qf6 24. Rh3 Rf8 25. Ne4 Qf7 26. Ng3 Rf6 27. Rf1 Bd6
28. Ne2 g5 29. Bc3 d4 30. Nxd4 cxd4 31. Bxd4 Kg8 32. Bxf6 Qxf6 33. Qxg5+ Qxg5+
34. fxg5 Rc8 35. c3 Nc4 36. Rd1 Bc5+ 37. Kh1 Rc7 38. b3 Ne5 39. Rd5 Ng4 40.
Rd8+ Kg7 41. Rf3 Kg6 42. Rd2 h5 1/2-1/2

[Event "O Pohár mìsta Øíèany 2014 - OPEN A"]
[Site "Øíèany"]
[Date "2014.08.26"]
[Round "5.33"]
[White "Hadrava, Jaroslav"]
[Black "Vystrcil, Martin"]
[Result "1-0"]
[WhiteElo "1918"]
[BlackElo "1803"]
[PlyCount "59"]

1. e4 Nf6 2. e5 Nd5 3. Nc3 Nxc3 4. bxc3 d5 5. d4 Bf5 6. Rb1 b6 7. Ba3 c6 8. h3
Nd7 9. Bd3 Bxd3 10. Qxd3 e6 11. Bxf8 Nxf8 12. f4 g6 13. Nf3 Nd7 14. O-O c5 15.
c4 dxc4 16. Qxc4 O-O 17. d5 exd5 18. Qxd5 Rc8 19. Rbd1 Nb8 20. Qc4 Qe7 21. Rd6
Rcd8 22. Rfd1 Rd7 23. f5 Kh8 24. f6 Qe8 25. Qf4 Rg8 26. Qh6 Rxd6 27. Rxd6 Qf8
28. Qf4 Na6 29. Rd7 b5 30. Ng5 1-0

[Event "O Pohár mìsta Øíèany 2014 - OPEN A"]
[Site "Øíèany"]
[Date "2014.08.26"]
[Round "5.34"]
[White "Grecny, Karol"]
[Black "Korsa, Jiri"]
[Result "1-0"]
[WhiteElo "1888"]
[BlackElo "1695"]
[PlyCount "69"]

1. e4 e5 2. Nf3 Nc6 3. Bb5 f5 4. d4 fxe4 5. Bxc6 dxc6 6. Nxe5 Nf6 7. O-O Be7 8.
c3 Be6 9. Bg5 O-O 10. Nd2 Qd5 11. Qb3 Rab8 12. Rae1 Rfe8 13. Qxd5 cxd5 14. f3
Rbd8 15. fxe4 dxe4 16. b3 c5 17. Nxe4 cxd4 18. cxd4 Nxe4 19. Bxe7 Rxd4 20. Nf3
Rd7 21. Rxe4 Bd5 22. Rd4 Rexe7 23. Rfd1 Bc6 24. Kf2 Kf8 25. Ng5 h6 26. Rxd7
Rxd7 27. Ne6+ Kg8 28. Rxd7 Bxd7 29. Nd4 Kf7 30. Ke3 Bc6 31. Nxc6 bxc6 32. Kd4
Ke6 33. Kc5 Kd7 34. b4 a6 35. Kb6 1-0

[Event "O Pohár mìsta Øíèany 2014 - OPEN A"]
[Site "Øíèany"]
[Date "2014.08.26"]
[Round "5.35"]
[White "Havelka, Petr"]
[Black "Zlamana, Anna"]
[Result "1/2-1/2"]
[WhiteElo "1882"]
[BlackElo "1565"]
[PlyCount "42"]

1. d4 d5 2. c4 e6 3. Nc3 Be7 4. Nf3 Nf6 5. Bg5 Nbd7 6. e3 O-O 7. Be2 h6 8. Bh4
b6 9. cxd5 exd5 10. O-O Bb7 11. Rc1 c5 12. b3 Ne4 13. Bxe7 Qxe7 14. dxc5 Nxc3
15. Rxc3 Nxc5 16. Qc2 Rac8 17. Rc1 Ne6 18. Qf5 Rxc3 19. Rxc3 d4 20. exd4 Bxf3
21. Bxf3 Nxd4 1/2-1/2

[Event "O Pohár mìsta Øíèany 2014 - OPEN A"]
[Site "Øíèany"]
[Date "2014.08.26"]
[Round "5.36"]
[White "Civin, Dominik"]
[Black "Sochor, Martin"]
[Result "1/2-1/2"]
[WhiteElo "1601"]
[BlackElo "1867"]
[PlyCount "103"]

1. c4 c6 2. Nc3 d5 3. d4 e6 4. Nf3 Nf6 5. cxd5 exd5 6. g3 Be7 7. Bg2 O-O 8. O-O
Bf5 9. Re1 h6 10. Nd2 Nbd7 11. e4 dxe4 12. Ndxe4 Nxe4 13. Nxe4 Nb6 14. Nc3 Bf6
15. Be3 Be6 16. Ne4 Bd5 17. Qg4 Kh8 18. Qh5 Kg8 19. b3 Re8 20. Qf5 Bxe4 21.
Bxe4 g6 22. Qf3 Bg7 23. Rad1 Nd5 24. Bxd5 Qxd5 25. Qxd5 cxd5 26. Rc1 Rad8 27.
Kf1 Rd7 28. Rc2 Red8 29. Rec1 Kh7 30. Ke2 f5 31. Kd3 g5 32. Rc7 Bf8 33. Bd2 Bd6
34. Rc8 Kg7 35. Rxd8 Rxd8 36. Re1 Kf7 37. h3 g4 38. hxg4 fxg4 39. Rh1 Rh8 40.
Rxh6 Rxh6 41. Bxh6 Bb4 42. Bd2 Bd6 43. Bf4 Bb4 44. Ke2 Ke6 45. f3 Kf5 46. Be5
a6 47. Bc7 Bc3 48. Bb6 Bb4 49. Bc5 Bc3 50. Bd6 Bxd4 51. fxg4+ Kxg4 52. Kd3
1/2-1/2

[Event "O Pohár mìsta Øíèany 2014 - OPEN A"]
[Site "Øíèany"]
[Date "2014.08.26"]
[Round "5.37"]
[White "Paulovic, Milan"]
[Black "Vorsilka, Jiri"]
[Result "1-0"]
[WhiteElo "1855"]
[BlackElo "1691"]
[PlyCount "77"]

1. e4 Nf6 2. e5 Nd5 3. d4 d6 4. c4 Nb6 5. exd6 cxd6 6. Nc3 g6 7. Be3 Bg7 8. Be2
O-O 9. Nf3 Bg4 10. Rc1 Bxf3 11. Bxf3 Nc6 12. Be2 e6 13. O-O Qf6 14. Ne4 Qe7 15.
Qd2 f5 16. Ng5 h6 17. Nf3 g5 18. g3 Qf6 19. d5 Ne5 20. dxe6 Qxe6 21. Nxe5 dxe5
22. c5 Nd5 23. Bc4 Rad8 24. Rfd1 Qc8 25. Bxd5+ Kh8 26. f4 gxf4 27. gxf4 exf4
28. Bxf4 Rg8 29. Kh1 Bf6 30. Bd6 Rg6 31. Qf2 Bg5 32. Rg1 f4 33. Bf7 Qc6+ 34.
Bd5 Qc8 35. Qf3 b6 36. b4 bxc5 37. bxc5 Re8 38. Be4 Rgg8 39. Qc3+ 1-0

[Event "O Pohár mìsta Øíèany 2014 - OPEN A"]
[Site "Øíèany"]
[Date "2014.08.26"]
[Round "5.38"]
[White "Mar, Tomas"]
[Black "Horyna, Josef"]
[Result "1-0"]
[WhiteElo "1604"]
[BlackElo "1854"]
[PlyCount "137"]

1. e4 c5 2. Nc3 g6 3. f4 Bg7 4. Nf3 Nc6 5. Bc4 e6 6. d3 d6 7. Bd2 Nge7 8. O-O
O-O 9. g4 Na5 10. Bb3 Nxb3 11. axb3 d5 12. e5 Bd7 13. g5 b5 14. Qe1 b4 15. Ne2
Nf5 16. Nh4 h6 17. Nxf5 exf5 18. Qh4 hxg5 19. fxg5 Bxe5 20. Bf4 Bg7 21. Rf3 f6
22. Rh3 Re8 23. Qh7+ Kf7 24. Rh6 Rxe2 25. Qxg6+ Kf8 26. Bd6+ Kg8 27. Qh7+ Kf7
28. Rxf6+ Qxf6 29. gxf6 Kxf6 30. Qh4+ Kg6 31. Be7 Rh8 32. Ra6+ Kf7 33. Rf6+
Kxe7 34. Rh6+ Kf8 35. Rxh8+ Bxh8 36. Qxh8+ Ke7 37. Qg7+ Kd6 38. h4 Re6 39. h5
Be8 40. Qf8+ Ke5 41. h6 Bg6 42. h7 Bxh7 43. Qg7+ Kf4 44. Qxh7 Kg5 45. Qxa7 f4
46. Qxc5 Re5 47. Qxb4 Kg4 48. Kf2 Rh5 49. Kg2 Re5 50. Qd4 Re2+ 51. Kf1 Rxc2 52.
Qxd5 f3 53. Qe4+ Kg3 54. Qe5+ Kg4 55. Qg7+ Kf4 56. Qh6+ Kg4 57. d4 Rxb2 58. Qc1
Rh2 59. Kg1 Rg2+ 60. Kh1 Kg3 61. Qe1+ Kh3 62. Qe6+ Kg3 63. Qg6+ Kf2 64. Qc2+
Kf1 65. Qd1+ Kf2 66. d5 Rg8 67. Qd4+ Kf1 68. d6 f2 69. Qd1# 1-0

[Event "O Pohár mìsta Øíèany 2014 - OPEN A"]
[Site "Øíèany"]
[Date "2014.08.26"]
[Round "5.39"]
[White "Lizner, Milan"]
[Black "Lhotsky, Zdenek Ml."]
[Result "1/2-1/2"]
[WhiteElo "1989"]
[BlackElo "1601"]
[PlyCount "48"]

1. e4 c5 2. Nf3 Nc6 3. c3 Nf6 4. e5 Nd5 5. Bc4 Nb6 6. Bb3 c4 7. Bc2 d6 8. exd6
Qxd6 9. O-O e5 10. h3 Be7 11. d4 exd4 12. cxd4 Be6 13. Nc3 O-O 14. Be3 Rad8 15.
Qd2 Nb4 16. Bf4 Qd7 17. Be4 f6 18. Rad1 N4d5 19. Bg3 Bb4 20. a3 Bd6 21. Bxd6
Qxd6 22. Rfe1 a6 23. Bb1 Bf7 24. Ne4 Qc7 {Dale necitelne.} 1/2-1/2

[Event "O Pohár mìsta Øíèany 2014 - OPEN A"]
[Site "Øíèany"]
[Date "2014.08.26"]
[Round "5.40"]
[White "Kalvach, Ladislav"]
[Black "Helebrand, Frantisek"]
[Result "1-0"]
[WhiteElo "1924"]
[BlackElo "1546"]
[PlyCount "100"]

1. e4 e6 2. d4 d5 3. Nd2 Nf6 4. e5 Nfd7 5. Bd3 c5 6. c3 Nc6 7. Ne2 cxd4 8. cxd4
Bb4 9. O-O f6 10. exf6 Nxf6 11. Nf3 O-O 12. a3 Bd6 13. Bf4 Bxf4 14. Nxf4 Ne4
15. g3 Ng5 16. Nxg5 Qxg5 17. Ne2 e5 18. dxe5 Qxe5 19. Qd2 Bh3 20. f4 Qf6 21.
Rf2 Ne5 22. Nc3 Ng4 23. Nxd5 Qd6 24. Re2 Rad8 25. Rd1 Qc5+ 26. Ne3 Rfe8 27.
Bc4+ Kf8 28. Qxd8 Rxd8 29. Rxd8+ Ke7 30. Rd5 Qb6 31. Rb5 Qd4 32. Rg5 Qb6 33. b4
Nxe3 34. Re5+ Kf8 35. R2xe3 Qd4 36. Bf1 Bxf1 37. Kxf1 Qa1+ 38. Kg2 Qa2+ 39. Kh3
Qc4 40. Kg4 Qc2 41. Re6 Kf7 42. Re7+ Kf8 43. h4 Qd1+ 44. Re2 Qd5 45. f5 Qd6 46.
R2e4 Qd1+ 47. Kg5 h6+ 48. Kg6 Qd6+ 49. Kh7 Qxg3 50. Rxb7 Qxh4 1-0

[Event "O Pohár mìsta Øíèany 2014 - OPEN A"]
[Site "Øíèany"]
[Date "2014.08.26"]
[Round "5.41"]
[White "Jirousek, Filip"]
[Black "Aubrecht, Petr"]
[Result "0-1"]
[WhiteElo "1778"]
[BlackElo "1539"]
[PlyCount "70"]

1. e4 c5 2. Nc3 e6 3. f4 d5 4. Nf3 Be7 5. Bb5+ Bd7 6. Bxd7+ Qxd7 7. exd5 exd5
8. d4 Nf6 9. Ne5 Qd8 10. Be3 c4 11. a3 O-O 12. Qf3 Na6 13. g4 Nc7 14. g5 Nfe8
15. h4 f6 16. gxf6 Bxf6 17. O-O-O b5 18. f5 a5 19. h5 b4 20. Nb1 Qd6 21. Ng6
Rf7 22. Bf4 Qb6 23. Be5 Rb8 24. Bxf6 Nxf6 25. Ne5 Re7 26. h6 Ne4 27. hxg7 c3
28. b3 a4 29. f6 Nxf6 30. axb4 axb3 31. Qxc3 bxc2 32. Kxc2 Nb5 33. Qc5 Rc7 34.
Nc3 Rxc5 35. dxc5 Na3+ 0-1

[Event "O Pohár mìsta Øíèany 2014 - OPEN A"]
[Site "Øíèany"]
[Date "2014.08.26"]
[Round "5.42"]
[White "Stankova, Zuzana"]
[Black "Zak, Jiri"]
[Result "1-0"]
[WhiteElo "1511"]
[BlackElo "1776"]
[PlyCount "51"]

1. e4 c5 2. d4 cxd4 3. c3 dxc3 4. Nxc3 e6 5. Nf3 Nc6 6. a3 d6 7. Bb5 Bd7 8. Be3
a6 9. Ba4 Be7 10. O-O Nf6 11. Qe2 O-O 12. Rfd1 Qe8 13. Rac1 h6 14. Bc2 Rc8 15.
b4 Nxb4 16. axb4 Rxc3 17. Qd2 Rc8 18. e5 dxe5 19. Nxe5 Bb5 20. Bxh6 gxh6 21.
Qxh6 Rxc2 22. Rxc2 Ba4 23. Rc3 Bxd1 24. Rg3+ Ng4 25. Nxg4 Be2 26. Nf6# 1-0

[Event "O Pohár mìsta Øíèany 2014 - OPEN A"]
[Site "Øíèany"]
[Date "2014.08.26"]
[Round "5.44"]
[White "Cabart, Pavel"]
[Black "Palla, Ivan"]
[Result "1-0"]
[WhiteElo "1713"]
[BlackElo "1536"]
[PlyCount "32"]

1. e4 c6 2. d4 d5 3. exd5 cxd5 4. c4 Nf6 5. Nc3 Nc6 6. Bf4 a6 7. c5 b5 8. a3 g6
9. Nf3 Nh5 10. Be3 Bg7 11. Be2 O-O 12. O-O Bb7 13. Qd2 e5 14. Rad1 e4 15. Ne5
Na5 16. Bxh5 gxh5 1-0

[Event "O Pohár mìsta Øíèany 2014 - OPEN A"]
[Site "Øíèany"]
[Date "2014.08.26"]
[Round "5.45"]
[White "Vorisek, Jakub"]
[Black "Zavurka, Vladimir"]
[Result "1-0"]
[WhiteElo "1616"]
[BlackElo "1639"]
[PlyCount "111"]

1. e4 e6 2. d4 d5 3. Nd2 c5 4. exd5 Qxd5 5. Ngf3 Nc6 6. Bc4 Qd8 7. Nb3 cxd4 8.
Nbxd4 Nxd4 9. Qxd4 Qxd4 10. Nxd4 a6 11. Be3 Nf6 12. O-O-O Ng4 13. Rhe1 Nxe3 14.
Rxe3 Be7 15. f4 O-O 16. Be2 Bf6 17. Bf3 Rb8 18. g3 b5 19. Nc6 Rb6 20. Ne5 Bxe5
21. Rxe5 Bb7 22. Bxb7 Rxb7 23. Rd6 Ra8 24. Rc5 g6 25. Kd2 a5 26. Ke3 Kg7 27.
Rdc6 Kf6 28. Rc7 Rab8 29. Rxb7 Rxb7 30. b3 h5 31. c4 bxc4 32. Rxc4 Rb5 33. Kd4
Rd5+ 34. Kc3 Kf5 35. b4 axb4+ 36. Kxb4 e5 37. fxe5 Kxe5 38. a4 Kd6 39. a5 Rd1
40. a6 Ra1 41. Kb5 Kd5 42. Ra4 Rxa4 43. Kxa4 Kc6 44. a7 Kb7 45. Kb5 g5 46. Kc5
f5 47. Kd5 Kxa7 48. Ke5 f4 49. gxf4 gxf4 50. Kxf4 h4 51. Kg4 h3 52. Kxh3 Kb6
53. Kg4 Kc6 54. Kg5 Kd7 55. Kg6 Ke7 56. Kg7 1-0

[Event "O Pohár mìsta Øíèany 2014 - OPEN A"]
[Site "Øíèany"]
[Date "2014.08.26"]
[Round "5.46"]
[White "Chajda, Patrik"]
[Black "Pivonka, Michael"]
[Result "0-1"]
[WhiteElo "1335"]
[BlackElo "1612"]
[PlyCount "114"]

1. e4 c5 2. Nf3 Nc6 3. d4 cxd4 4. Nxd4 e5 5. Nb5 d6 6. N1c3 a6 7. Na3 b5 8. Nd5
Nf6 9. Bg5 Be7 10. Bxf6 Bxf6 11. c3 Be6 12. Be2 O-O 13. O-O Bg5 14. Bg4 Bxd5
15. exd5 Ne7 16. Nc2 f5 17. Be2 Qb6 18. b3 Qc5 19. c4 bxc4 20. Bxc4 Kh8 21. Ne1
e4 22. Nc2 a5 23. Nd4 Bf6 24. Ne6 Qa7 25. Nxf8 Bxa1 26. Qxa1 Rxf8 27. Kh1 Qc5
28. Qd1 Ng6 29. Qc2 Ne5 30. f4 Ng4 31. Qe2 Ne3 32. Re1 Nxd5 33. Bxd5 Qxd5 34.
Rd1 Qc6 35. Qd2 Rc8 36. Qxa5 Qc2 37. Qd5 Qxa2 38. Qxd6 Qxb3 39. h3 h6 40. Qd7
Rb8 41. Qd5 Qxd5 42. Rxd5 Rf8 43. Re5 Kh7 44. Kg1 Kg6 45. Kf2 Kf6 46. Ke3 Rd8
47. g4 Rd3+ 48. Kf2 Rf3+ 49. Ke2 Rxf4 50. Rxf5+ Rxf5 51. gxf5 Kxf5 52. Ke3 g5
53. Kf2 Kf4 54. Ke2 e3 55. Ke1 Kf3 56. Kf1 e2+ 57. Ke1 h5 0-1

[Event "O Pohár mìsta Øíèany 2014 - OPEN A"]
[Site "Øíèany"]
[Date "2014.08.26"]
[Round "5.47"]
[White "Skvaril, Michal"]
[Black "Zabehlicky, Jiri"]
[Result "1/2-1/2"]
[WhiteElo "1730"]
[BlackElo "1585"]
[PlyCount "59"]

1. e4 e5 2. Nf3 Nc6 3. d4 exd4 4. Bc4 Be7 5. Nxd4 d6 6. O-O Nf6 7. Nc3 Ne5 8.
Bb3 O-O 9. f4 Ng6 10. Nf3 Re8 11. Re1 Bg4 12. h3 Bxf3 13. Qxf3 Nh4 14. Qf2 Nd7
15. Nd5 Ng6 16. Nxe7+ Qxe7 17. c3 Nc5 18. Bc2 Qd7 19. b4 Na4 20. Qg3 Nb6 21.
Bb3 d5 22. e5 c6 23. Bc2 Qc7 24. f5 Nxe5 25. Bf4 f6 26. h4 Nbc4 27. Bb3 Qf7 28.
Re2 Re7 29. Rae1 Rae8 30. Qf2 1/2-1/2

[Event "O Pohár mìsta Øíèany 2014 - OPEN A"]
[Site "Øíèany"]
[Date "2014.08.26"]
[Round "5.48"]
[White "Benes, Karel"]
[Black "Vilimova, Julie"]
[Result "1-0"]
[WhiteElo "1669"]
[BlackElo "1635"]
[PlyCount "83"]

1. e4 c5 2. Nf3 Nc6 3. d4 cxd4 4. Nxd4 Nf6 5. Nc3 g6 6. f3 Bg7 7. Be3 O-O 8.
Qd2 d5 9. O-O-O dxe4 10. Nxe4 Nxd4 11. Nxf6+ Bxf6 12. Bxd4 Bxd4 13. Qxd4 Qxd4
14. Rxd4 Be6 15. Be2 Rfd8 16. Rhd1 Rxd4 17. Rxd4 Rc8 18. a3 Kf8 19. Kd2 a6 20.
c4 Ke8 21. b4 Rd8 22. Ke3 Rxd4 23. Kxd4 Kd7 24. f4 Kc7 25. Bf3 Bd7 26. g4 f6
27. h4 h6 28. g5 fxg5 29. hxg5 hxg5 30. fxg5 Kd6 31. c5+ Kc7 32. Ke5 b6 33.
cxb6+ Kxb6 34. Be4 Kb5 35. Bxg6 Ka4 36. Bd3 Be8 37. Bxa6 Bg6 38. Ke6 Be4 39.
Kxe7 Bg6 40. Kf6 Be4 41. g6 Bxg6 42. Kxg6 1-0